Деревянные двутавровые балки на гвоздях с перекрестной стенкой. Вып. 5 (Запись № 5202175)

Подробности
000 -МАРКЕР
контрольное поле 01199nam2a22002771 4500
001 - ИДЕНТИФИКАТОР ЗАПИСИ
контрольное поле rc\3787740
005 - ИДЕНТИФИКАТОР ВЕРСИИ
контрольное поле 20250530053315.0
021 ## - НОМЕР ГОСУДАРСТВЕННОЙ РЕГИСТРАЦИИ
Код страны Российская Федерация
Номер [82-68010]
035 ## - ДРУГИЕ СИСТЕМНЫЕ НОМЕРА
Идентификатор записи (NLR Aleph) 007250708
100 ## - ДАННЫЕ ОБЩЕЙ ОБРАБОТКИ
Данные общей обработки 20120311d1982 |||y0rusy50 ca
101 0# - ЯЗЫК РЕСУРСА
Язык текста, звукозаписи и т.д. русский
102 ## - СТРАНА ПУБЛИКАЦИИ ИЛИ ПРОИЗВОДСТВА
Страна публикации Российская Федерация
105 ## - ПОЛЕ КОДИРОВАННЫХ ДАННЫХ: ТЕКСТОВЫЕ МАТЕРИАЛЫ, МОНОГРАФИЧЕСКИЕ
Кодированные данные о монографическом текстовом документе g z |||||
200 0# - ЗАГЛАВИЕ И СВЕДЕНИЯ ОБ ОТВЕТСТВЕННОСТИ
Основное заглавие Вып. 5
Первые сведения об ответственности [Сост. Л.М. Французов]
210 ## - ПУБЛИКАЦИЯ, РАСПРОСТРАНЕНИЕ И ДР.
Дата издания, распространения и т.д. 1982
Место издания, распространения и т.д. Б. м.
215 ## - ФИЗИЧЕСКАЯ ХАРАКТЕРИСТИКА
Специфическое обозначение материала и объем 110 с.
Другие сведения о физической характеристике нот.
225 1# - СЕРИЯ
Основное заглавие серии Самодеятельный театр
Сведения, относящиеся к заглавию Репертуар и методика
Обозначение тома 16
300 ## - ОБЩИЕ ПРИМЕЧАНИЯ
Текст примечания Изд. выходит с 1975 г.
461 #0 - УРОВЕНЬ НАБОРА
Встроенное поле 001rc\2622366
-- 2001#$vВып. 5
Системный номер (АБИС) связанной записи 6094181
Автор Институт норм и стандартов строительной промышленности (Москва)
Место публикации Москва
Дата публикации 1931
Имя издателя, распространителя и т.д. Техника управления
Физическая характеристика 28 с., 1 вкл. л. черт.
Заглавие Деревянные двутавровые балки на гвоздях с перекрестной стенкой
Номер тома Вып. 5
702 #1 - ИМЯ ЛИЦА - ВТОРИЧНАЯ ОТВЕТСТВЕННОСТЬ
Начальный элемент ввода Французов
Часть имени, кроме начального элемента ввода Л.М.
Расширение инициалов личного имени Леонид Михайлович
Код отношения Составитель
801 #0 - ИСТОЧНИК ЗАПИСИ
Страна Российская Федерация
Организация NLR
Правила каталогизации psbo
801 #1 - ИСТОЧНИК ЗАПИСИ
Страна Российская Федерация
Организация ELAR
Источник данных rusmarc
852 ## - МЕСТОНАХОЖДЕНИЕ И ШИФР ХРАНЕНИЯ
Идентификатор организации NLR
Шифр хранения (Call Number) 76-3/7261
942 ## - ДОПОЛНИТЕЛЬНЫЕ ЭЛЕМЕНТЫ ЗАПИСИ (АБИС)
Тип экземпляра АБИС Книга
980 ## - КОЛЛЕКЦИЯ
Название коллекции Национальная библиография
Экземпляры
Тип экземпляра Дата поступления Библиотека постоянного хранения Библиотека текущего хранения Место хранения Шифр хранения Штрих-код Статус экземпляра
Книга 26.10.2013 РНБ (Московский) РНБ (Московский) Русский книжный фонд: издания с 1957 года 76-3/7261 7250708-10